000 00967nam a22002897a 4500
001 BR7603507
003 BR-BrBNA
005 20230928085031.0
007 ta
008 230509b bl.||||| |||| 00| 0 por d
040 _aBR-BrBNA
_bpor
_cBiblioteca Nacional de Agricultura
041 _a(Por)
072 _aN20; E70
_b4500
_b4400
_b/G514
090 _ 4500 BR7603507
110 1 _aAssociacao Brasileira da Industria de Maquinas e Equipamentos, Sao Paulo, SP;
110 1 _aSindicato Interestadual da Industria de Maquinas, Sao Paulo, SP (Brasil)
245 1 _aIndustria de maquinas e implementos agropecuarios, producao e vendas, segundo os grupos de atividades agropecuarias-Brasil 1977/1979
260 3 _aSao Paulo, SP (Brasil):
_c1976.
300 _a82 p.
500 _aNumerical data
650 _aMAQUINA AGRICOLA
650 _aIMPLEMENTO AGRICOLA
650 _aVENDA
650 _aMERCADO
909 _a202309
_bLucia
_c55
_dLucia Elande
942 _cBK
999 _c22486
_d22486